000 00391cam a2200169 4500
001 M711
008 090401t1965 xxu||||| |||| 00| 0 eng d
035 _a(Sirsi) u5011
041 _aeng
110 _aUnited Kingdom
_kLaws, etc
_95044
245 _aNew Towns Act 1965.
260 _aLondon
_bHMSO
_c1965
300 _aiv,80p. ; 25cm.
350 _a0.3
942 _n0
948 _c04/03/1997
999 _c86105
_d86105